000 00659nam a2200193Ia 4500
003 GCL
008 140319s9999 xx 000 0 ara d
020 _a0131310977
040 _aGCL /
_cGCL
082 0 4 _a418.43
_bف ا
100 1 _aفهيم مصطفى محمد
245 1 0 _aانشطة ومهارات القراءة فى المدرستين الاعدادية والثانوية /
_cفهيم مصطفى محمد
250 _aالاولى
260 _aالقاهرة :
_bدار الفكر العربى ،
_c2000
300 _a247 ص ؛
_c24 سم
650 0 4 _aالقراءة
650 0 4 _aاللغة العربية - القراءة
942 _2ddc
_cBK
999 _c6677
_d6677